000
00202 a2200097 4500
020
_a
9788434817425
041
_a
spa
100
_a
Terry Jennings
245
_a
El joven investigador Alimentos
942
_c
K
999
_c
27153
_d
27153